| 000 | 00415nam a22001697a 4500 | ||
|---|---|---|---|
| 003 | CEME | ||
| 005 | 20210628205611.0 | ||
| 008 | 210308b xxu||||| |||| 00| 0 eng d | ||
| 020 | _a1-57610-099-5 | ||
| 040 | _c. | ||
| 082 | _a005.7565 PAP'O | ||
| 100 |
_aPapaj, Robert Burleson, Donald _976207 |
||
| 245 | _aOracle databases on the web | ||
| 260 |
_aUSA _bCORIOLIS _c1997 |
||
| 300 | _a575P | ||
| 942 |
_cBK _2ddc |
||
| 999 |
_c581611 _d581611 |
||